01674cam a22003255a 45000010009000000050017000090080041000260200015000670200018000820400029001000430012001290820021001411000028001622450087001902600047002773000036003245000023003605040031003835050368004146500052007826500061008346510061008956510061009566510057010176510057010746530037011319420021011689990017011899520142012061588562020151116103543.0090828t2010 nyua frb 001 0 eng d a076562284X a9780765622846 aDLCcDLCdEG-ScBUE beng an-us---04a338.542222bFRU1 aFrumkin, Norman.93874810aRecession prevention handbook :beleven case studies, 1948-2007 /cNorman Frumkin. aArmonk ;aLondon :bM. E. Sharpe,cc.2010. axxvii, 379 p. :bill. ;c24 cm. aIndex : p. 367-379 aBibliography : p. 361-365.0 aCharacteristics of recessions -- The recession of 1948-49 -- The recession of 1953-54 -- The recession of 1957-58 -- The recession of 1960-61 -- The recession of 1969-70 -- The recession of 1973-75 -- The recession of 1980 -- The recession of 1981-82 -- The recession of 1990-91 -- The recession of 2001 -- The recession of 2007-9 -- Findings and recommendations. 0aRecessionszUnited StatesvCase studies.2BUEsh 0aEconomic indicatorszUnited StatesvCase studies.2BUEsh 0aUnited StatesxEconomic conditionsy20th century.2BUEsh 0aUnited StatesxEconomic conditionsy21st century.2BUEsh 0aUnited StatesxEconomic policyy20th century.2BUEsh 0aUnited StatesxEconomic policyy21st century.2BUEsh bBUSECOcAugust2015cNovember2015 2ddck338.542 FRU c20747d20719 00102ddc40708BaccahaMAINbMAINc1STd2015-08-31ePurchaseg612.00h23317l0o338.542 FRUp000030839r2025-07-15 00:00:00v765.00yBB